000
00224nam a22000857a 4500
008
160712b xxu||||| |||| 00| 0 eng d
100
_9
2657
_a
Getz, G.A
245
_a
The Measure of a Man
260
_a
Cali
_b
A Division of G/L
_c
1979
999
_c
2310
_d
2310